[Event "Titled Tuesday intern op 12th Mar Early"]
[Site "Chess.com INT"]
[Date "2024.03.12"]
[Round "7"]
[White "Olsson, Linus"]
[Black "Vantika, Agrawal"]
[Result "1/2-1/2"]
[WhiteElo "2211"]
[BlackElo "2398"]
[PlyCount "128"]
[EventDate "2024.03.12"]
[EventType "swiss (blitz)"]
[EventRounds "11"]
[EventCountry "USA"]
[SourceTitle "CB12_2024"]
[SourceDate "2023.10.01"]
[SourceVersion "1"]
[SourceVersionDate "2023.10.01"]
[SourceQuality "1"]

1. d4 Nf6 2. c4 g6 3. Nc3 Bg7 4. e4 d6 5. Nf3 0-0 6. Be2 Nbd7 7. 0-0 e5 8. Re1 a6 9. Bf1 Re8 10. d5 a5 11. h3 Nc5 12. b3 Nh5 13. Rb1 f5 14. exf5 Bxf5 15. Rb2 Nf4 16. Bxf4 exf4 17. Rxe8+ Qxe8 18. Re2 Qd7 19. Nd4 Bd3 20. Re1 Bxd4 21. Nb5 Bxf1 22. Qxd4 Bd3 23. Qxf4 Rf8 24. Qg5 Qf7 25. f3 Re8 26. Rxe8+ Qxe8 27. Nxc7 Qe1+ 28. Kh2 Qe5+ 29. Qxe5 dxe5 30. Nb5 Kf7 31. Kg3 Bb1 32. Nc3 Bf5 33. Kf2 Ke7 34. g4 Bd7 35. Ke3 Kd6 36. f4 h6 37. Ne2 exf4+ 38. Kxf4 g5+ 39. Ke3 Ke5 40. Nd4 Kd6 41. Nf3 b6 42. Kd4 Be8 43. Ne5 Nd7 44. Nf3 Nf8 45. Nd2 Ng6 46. Ne4+ Ke7 47. a3 Nf4 48. Nf2 Kd6 49. b4 axb4 50. axb4 Bg6 51. c5+ bxc5+ 52. bxc5+ Kd7 53. Ke5 Nd3+ 54. Nxd3 Bxd3 55. Kf6 Bf1 56. Kg7 Bxh3 57. Kxh6 Bxg4 58. Kxg5 Bf3 59. d6 Kc6 60. Kf4 Bh5 61. Ke5 Be8 62. Ke6 Kxc5 63. Ke7 Bc6 64. d7 Bxd7 1/2-1/2

[Event "Titled Tuesday intern op 16th Jan Early"]
[Site "Chess.com INT"]
[Date "2024.01.16"]
[Round "1"]
[White "Jumabayev, Rinat"]
[Black "Olsson, Linus"]
[Result "1-0"]
[WhiteElo "2598"]
[BlackElo "2214"]
[PlyCount "113"]
[EventDate "2024.01.16"]
[EventType "swiss (blitz)"]
[EventRounds "11"]
[EventCountry "USA"]
[SourceTitle "CB04_2024"]
[SourceDate "2023.10.16"]
[SourceVersion "1"]
[SourceVersionDate "2023.10.16"]
[SourceQuality "1"]

1. d4 Nf6 2. c4 g6 3. g3 Bg7 4. Bg2 c6 5. Qa4 0-0 6. d5 b5 7. cxb5 cxd5 8. Nc3 Bb7 9. Nh3 e6 10. 0-0 a6 11. Rd1 axb5 12. Qxb5 Bc6 13. Qb3 Na6 14. Be3 Qe7 15. a3 Rab8 16. Qc2 Rfc8 17. Rac1 Nc5 18. b4 Nce4 19. Nxe4 Nxe4 20. Bxe4 dxe4 21. Ba7 Ra8 22. Bc5 Qf6 23. Bd4 Qf5 24. Bxg7 Kxg7 25. Nf4 g5 26. Qb2+ Kh6 27. Ng2 f6 28. Rc5 Qg6 29. h4 Bd5 30. Rdc1 Rf8 31. Qd2 Kg7 32. Rc7 Rad8 33. b5 h6 34. b6 f5 35. b7 f4 36. Qd4+ Kh7 37. Qe5 fxg3 38. fxg3 Qf7 39. Kh2 Qf2 40. b8Q e3 41. Rg1 Rxb8 42. Rxd7+ Rf7 43. Rxf7+ Qxf7 44. Qxb8 Qf2 45. Qe5 Qxe2 46. Qxe3 Qa2 47. Qd3+ Kg7 48. Qd4+ Kf7 49. Qa7+ Kg6 50. Qe3 Qc4 51. Re1 Qc2 52. Re2 Qf5 53. Rf2 Qb1 54. Qe5 Kh5 55. hxg5 hxg5 56. Qh8+ Kg6 57. Rf6# 1-0

[Event "Titled Tuesday intern op 09th Jan Early"]
[Site "Chess.com INT"]
[Date "2024.01.09"]
[Round "3"]
[White "Lagarde, Maxime"]
[Black "Olsson, Linus"]
[Result "1-0"]
[WhiteElo "2642"]
[BlackElo "2214"]
[PlyCount "127"]
[EventDate "2024.01.09"]
[EventType "swiss (blitz)"]
[EventRounds "11"]
[EventCountry "USA"]
[SourceTitle "CB03_2024"]
[SourceDate "2024.01.17"]
[SourceVersion "1"]
[SourceVersionDate "2024.01.17"]
[SourceQuality "1"]

1. d4 Nf6 2. c4 e5 3. dxe5 Ne4 4. Nf3 Bb4+ 5. Bd2 Nxd2 6. Nbxd2 Nc6 7. a3 Bxd2+ 8. Qxd2 Qe7 9. Qc3 b6 10. b4 Bb7 11. e3 0-0-0 12. b5 Na5 13. Be2 g5 14. 0-0 g4 15. Nd4 Qxe5 16. Rac1 Rhg8 17. Rfd1 h5 18. c5 Qxc5 19. Qxc5 bxc5 20. Rxc5 h4 21. Rdc1 g3 22. Bf3 Bxf3 23. gxf3 c6 24. bxc6 Nxc6 25. Nxc6 dxc6 26. Rxc6+ Kb8 27. R6c2 Rd3 28. hxg3 hxg3 29. fxg3 Rxg3+ 30. Kf2 Rg8 31. a4 Ra3 32. Rc4 Ra2+ 33. R1c2 Rxc2+ 34. Rxc2 Kb7 35. e4 Kb6 36. Rb2+ Ka5 37. Rb7 Ra8 38. Rxf7 Kxa4 39. e5 Kb5 40. Ke3 a5 41. Ke4 a4 42. Rb7+ Kc6 43. Rb2 a3 44. Ra2 Ra4+ 45. Kf5 Kd5 46. f4 Ra8 47. Rd2+ Kc4 48. Ra2 Kd5 49. Kg5 Ke4 50. e6 Kd5 51. f5 Ke5 52. Re2+ Kd5 53. e7 a2 54. Rxa2 Re8 55. f6 Ke6 56. Re2+ Kf7 57. Kf5 Rg8 58. e8Q+ Rxe8 59. Rxe8 Kxe8 60. Kg6 Kf8 61. f7 Ke7 62. Kg7 Ke6 63. f8Q Kd7 64. Qf6 1-0

[Event "Titled Tuesday intern op 14th Nov Early"]
[Site "Chess.com INT"]
[Date "2023.11.14"]
[Round "2"]
[White "Buscar, Michael"]
[Black "Olsson, Linus"]
[Result "0-1"]
[WhiteElo "2041"]
[BlackElo "2214"]
[PlyCount "58"]
[EventDate "2023.11.14"]
[EventType "swiss (blitz)"]
[EventRounds "11"]
[EventCountry "USA"]
[SourceTitle "CB47_2023"]
[SourceDate "2023.11.22"]
[SourceVersion "1"]
[SourceVersionDate "2023.11.22"]
[SourceQuality "1"]

1. e4 e5 2. Nf3 Nc6 3. Bb5 a6 4. Ba4 Nf6 5. 0-0 Bc5 6. Re1 b5 7. Bb3 d6 8. c3 h6 9. a4 Rb8 10. d3 0-0 11. Nbd2 Ng4 12. Re2 Kh8 13. h3 Nxf2 14. Rxf2 Bxf2+ 15. Kxf2 f5 16. Kg1 Ne7 17. axb5 axb5 18. Qe1 Ng6 19. Qg3 Nf4 20. Kh2 b4 21. Bc2 Qf6 22. exf5 Bxf5 23. Ne4 Bxe4 24. dxe4 Ne2 25. Qh4 Qxh4 26. Nxh4 Rf1 27. Ra7 Rxc1 28. Bb3 bxc3 29. bxc3 Rxb3 0-1

[Event "Titled Tuesday intern op 14th Nov Early"]
[Site "Chess.com INT"]
[Date "2023.11.14"]
[Round "5"]
[White "Musat, Adrian"]
[Black "Olsson, Linus"]
[Result "0-1"]
[WhiteElo "2372"]
[BlackElo "2214"]
[PlyCount "100"]
[EventDate "2023.11.14"]
[EventType "swiss (blitz)"]
[EventRounds "11"]
[EventCountry "USA"]
[SourceTitle "CB47_2023"]
[SourceDate "2023.11.22"]
[SourceVersion "1"]
[SourceVersionDate "2023.11.22"]
[SourceQuality "1"]

1. d4 Nf6 2. Bf4 g6 3. Nf3 Bg7 4. c3 0-0 5. Nbd2 d6 6. e4 Nfd7 7. Be2 e5 8. dxe5 dxe5 9. Be3 Re8 10. 0-0 Nf8 11. Qc2 Bg4 12. h3 Bxf3 13. Nxf3 Qe7 14. Rad1 Ne6 15. Rfe1 c6 16. b4 a6 17. a4 Nd7 18. Nd2 Nf4 19. Bf1 Nf8 20. Nc4 Rad8 21. g3 N4e6 22. Bb6 Rxd1 23. Rxd1 Nd7 24. Be3 Rd8 25. Rd6 b5 26. axb5 axb5 27. Rxd7 Qxd7 28. Na5 h5 29. Bb6 Rc8 30. Be2 h4 31. Kg2 Bh6 32. Nb3 hxg3 33. fxg3 Rb8 34. Bc5 Nxc5 35. Nxc5 Qd2 36. Qxd2 Bxd2 37. Nd7 Ra8 38. Nxe5 Bxc3 39. Nxc6 Ra2 40. Kf3 Ra3 41. Kg4 Be1 42. Bxb5 Rxg3+ 43. Kf4 Rxh3 44. Bc4 Kg7 45. Ne5 f6 46. Nf3 Bxb4 47. e5 fxe5+ 48. Nxe5 Bd6 49. Ke4 Rh4+ 50. Kd5 Bxe5 0-1

[Event "Titled Tuesday intern op 14th Nov Early"]
[Site "Chess.com INT"]
[Date "2023.11.14"]
[Round "4"]
[White "Olsson, Linus"]
[Black "Kornyukov, Alexey"]
[Result "1/2-1/2"]
[WhiteElo "2214"]
[BlackElo "2452"]
[PlyCount "207"]
[EventDate "2023.11.14"]
[EventType "swiss (blitz)"]
[EventRounds "11"]
[EventCountry "USA"]
[SourceTitle "CB47_2023"]
[SourceDate "2023.11.22"]
[SourceVersion "1"]
[SourceVersionDate "2023.11.22"]
[SourceQuality "1"]

1. d4 Nf6 2. c4 e6 3. g3 d5 4. Bg2 Be7 5. Nf3 0-0 6. 0-0 dxc4 7. Qc2 a6 8. a4 Nc6 9. Qxc4 Na5 10. Qc2 b6 11. Ne5 Nd5 12. Nc3 Bb7 13. Bd2 Nb4 14. Qd1 Bxg2 15. Kxg2 Qxd4 16. Nf3 Qd8 17. Bf4 Qxd1 18. Raxd1 c5 19. Bc7 Bd8 20. Bd6 Re8 21. Ne5 Be7 22. Bc7 Bd8 23. Rxd8 Rexd8 24. Bxb6 Nac6 25. Nxc6 Nxc6 26. Bxd8 Rxd8 27. Rd1 Rxd1 28. Nxd1 Kf8 29. Kf3 Nd4+ 30. Ke3 Ke7 31. Kd3 Kd6 32. Ne3 Nc6 33. Nc4+ Kc7 34. e3 Nb4+ 35. Kd2 Kc6 36. Ne5+ Kd5 37. Nxf7 Kc4 38. Ng5 Kb3 39. Nxe6 c4 40. Kc1 Nd3+ 41. Kb1 Nxf2 42. Nc5+ Kb4 43. Nxa6+ Kxa4 44. Kc2 Ng4 45. Kc3 Kb5 46. Nc7+ Kc6 47. Ne6 Nxe3 48. Nxg7 Kc5 49. Ne6+ Kd5 50. Ng5 h6 51. Nf3 Nf1 52. g4 Kc5 53. h4 Ng3 54. Nd2 Ne2+ 55. Kc2 Nd4+ 56. Kd1 Ne6 57. Ke2 Kb4 58. Ke3 c3 59. bxc3+ Kxc3 60. Ne4+ Kc4 61. Nd6+ Kd5 62. Nf5 h5 63. gxh5 Ke5 64. Ng3 Kf6 65. Ke4 Ng7 66. Kf4 Ne6+ 67. Kg4 Ng7 68. Ne4+ Ke5 69. Ng5 Nf5 70. Nf3+ Kf6 71. Kf4 Nh6 72. Nd4 Ng8 73. Nf5 Ke6 74. Kg5 Kf7 75. h6 Nf6 76. h5 Nh7+ 77. Kg4 Kf6 78. Kf4 Ng5 79. Ng3 Nh7 80. Ne4+ Ke6 81. Nf2 Kf6 82. Ne4+ Kf7 83. Kf5 Nf8 84. Ng5+ Kg8 85. Kf6 Nh7+ 86. Kg6 Nf8+ 87. Kf5 Nh7 88. Ne4 Nf8 89. Nd6 Nh7 90. Nc4 Nf8 91. Ne5 Nh7 92. Ng6 Nf8 93. Ne5 Nh7 94. Ke6 Nf8+ 95. Ke7 Nh7 96. Nd7 Ng5 97. Nf6+ Kh8 98. Kf8 Nh7+ 99. Kf7 Nxf6 100. Kxf6 Kh7 101. Kg5 Kh8 102. Kg6 Kg8 103. h7+ Kh8 104. h6 1/2-1/2

[Event "Titled Tuesday intern op 26th Sep Early"]
[Site "Chess.com INT"]
[Date "2023.09.26"]
[Round "11"]
[White "Olsson, Linus"]
[Black "Chan, Luis"]
[Result "1-0"]
[WhiteElo "2210"]
[BlackElo "2147"]
[PlyCount "95"]
[EventDate "2023.09.26"]
[EventType "swiss (blitz)"]
[EventRounds "11"]
[EventCountry "USA"]
[SourceTitle "EXT 2024"]
[Source "ChessBase"]
[SourceDate "2023.10.10"]
[SourceVersion "1"]
[SourceVersionDate "2023.10.10"]
[SourceQuality "1"]

1. d4 d6 2. c4 e5 3. Nf3 e4 4. Nfd2 f5 5. e3 Nf6 6. Nc3 g6 7. b3 Bg7 8. Bb2 0-0 9. Qc2 c5 10. d5 Nbd7 11. Be2 Ne5 12. h3 Bd7 13. 0-0-0 b5 14. cxb5 Qa5 15. Nc4 Nxc4 16. bxc4 a6 17. b6 Qxb6 18. Kd2 Rab8 19. Rb1 Qa5 20. Ba1 f4 21. exf4 Bf5 22. Rxb8 e3+ 23. fxe3 Bxc2 24. Rxf8+ Kxf8 25. Kxc2 Ne4 26. Nxe4 Qxa2+ 27. Kd3 Bxa1 28. Nxd6 Ke7 29. Ne4 Qb3+ 30. Kd2 Qb2+ 31. Kd3 Qa3+ 32. Kd2 Qa2+ 33. Kd3 a5 34. d6+ Kd8 35. Rd1 a4 36. Bf3 Qb3+ 37. Ke2 Qxc4+ 38. Kf2 Bb2 39. d7 a3 40. Kg3 Qc2 41. Ng5 Qxd1 42. Bxd1 a2 43. Ba4 Ke7 44. Ne6 Kxe6 45. d8Q a1Q 46. Bb3+ Kf5 47. Qd5+ Kf6 48. Qf7# 1-0

[Event "Titled Tuesday intern op 26th Sep Early"]
[Site "Chess.com INT"]
[Date "2023.09.26"]
[Round "9"]
[White "Olsson, Linus"]
[Black "Goryachkina, Aleksandra"]
[Result "1-0"]
[WhiteElo "2210"]
[BlackElo "2558"]
[PlyCount "85"]
[EventDate "2023.09.26"]
[EventType "swiss (blitz)"]
[EventRounds "11"]
[EventCountry "USA"]
[SourceTitle "EXT 2024"]
[Source "ChessBase"]
[SourceDate "2023.10.10"]
[SourceVersion "1"]
[SourceVersionDate "2023.10.10"]
[SourceQuality "1"]

1. d4 Nf6 2. c4 e6 3. g3 d5 4. Bg2 Bb4+ 5. Nd2 0-0 6. Qc2 b6 7. Ngf3 Bb7 8. 0-0 Be7 9. b3 a5 10. a3 Nbd7 11. Bb2 c5 12. dxc5 bxc5 13. e3 Qb6 14. Rfd1 Rfd8 15. Rac1 Bc6 16. a4 Qb7 17. cxd5 exd5 18. Ne5 Nxe5 19. Bxe5 Nd7 20. Ba1 Nf8 21. Qf5 Ne6 22. h4 Bf8 23. h5 h6 24. Rb1 d4 25. Bxc6 Qxc6 26. Nc4 dxe3 27. Nxe3 Nd4 28. Bxd4 cxd4 29. Nc4 Rd5 30. Qf3 Bb4 31. Rxd4 Rad8 32. Rxd5 Qxd5 33. Kg2 Qxf3+ 34. Kxf3 Rd3+ 35. Ke2 Rd5 36. g4 f5 37. f3 fxg4 38. fxg4 Rd4 39. Kf3 Kf7 40. Rf1 Ke7 41. Kg3 Ke6 42. Rf3 Be1+ 43. Kh3 1-0

[Event "Titled Tuesday intern op 26th Sep Early"]
[Site "Chess.com INT"]
[Date "2023.09.26"]
[Round "2"]
[White "Olsson, Linus"]
[Black "Tulchynskyi, Feliks"]
[Result "1-0"]
[WhiteElo "2210"]
[BlackElo "2228"]
[PlyCount "59"]
[EventDate "2023.09.26"]
[EventType "swiss (blitz)"]
[EventRounds "11"]
[EventCountry "USA"]
[SourceTitle "EXT 2024"]
[Source "ChessBase"]
[SourceDate "2023.10.10"]
[SourceVersion "1"]
[SourceVersionDate "2023.10.10"]
[SourceQuality "1"]

1. d4 Nf6 2. c4 e6 3. g3 c5 4. d5 b5 5. Bg2 Bb7 6. e4 bxc4 7. Nc3 exd5 8. exd5 Bd6 9. Nge2 0-0 10. 0-0 Re8 11. h3 Na6 12. Be3 Nb4 13. b3 cxb3 14. Qxb3 Ba6 15. Rfd1 Rb8 16. Qa4 Qc7 17. a3 Rb6 18. axb4 cxb4 19. Bxb6 axb6 20. Qxa6 bxc3 21. Nd4 Be5 22. Nb5 Qc5 23. Rac1 Bxg3 24. Rc2 Nh5 25. Nxc3 Nf4 26. Qf1 Bh4 27. Rdc1 Qd4 28. Ne2 Nxe2+ 29. Rxe2 Rf8 30. Rec2 1-0

[Event "SWE-ch blitz"]
[Site "Helsingborg"]
[Date "2021.11.14"]
[Round "13"]
[White "Kucuksari, Kaan"]
[Black "Olsson, Linus"]
[Result "1-0"]
[WhiteElo "2301"]
[BlackElo "2204"]
[PlyCount "109"]
[EventDate "2021.11.14"]
[EventType "swiss (blitz)"]
[EventRounds "13"]
[EventCountry "SWE"]
[SourceTitle "EXT 2024"]
[Source "ChessBase"]
[SourceDate "2023.10.10"]
[SourceVersion "1"]
[SourceVersionDate "2023.10.10"]
[SourceQuality "1"]

1. d4 Nf6 2. c4 e5 3. dxe5 Ne4 4. a3 d6 5. exd6 Bxd6 6. e3 Nc6 7. Nf3 Qe7 8. Nbd2 Bf5 9. Nxe4 Bxe4 10. Bd3 0-0-0 11. Bxe4 Qxe4 12. Qe2 g5 13. h3 h5 14. Rg1 g4 15. Nd2 Qg6 16. h4 g3 17. f3 Ne5 18. Ne4 Be7 19. Bd2 Nd3+ 20. Kf1 Bxh4 21. Bc3 Rhe8 22. Bd4 Nf2 23. Nxf2 gxf2 24. Rh1 Rxd4 25. g4 Bf6 26. Rxh5 Rdd8 27. Kxf2 Be7 28. Kg2 Bd6 29. Rah1 a6 30. b4 Kb8 31. c5 Bf8 32. Rd1 Qc6 33. Rf5 f6 34. Rd2 Rxd2 35. Qxd2 Be7 36. Qd5 Qa4 37. Qf7 Qd7 38. Rd5 Qc6 39. Rd4 Rc8 40. Qxe7 f5 41. Rd8 Rxd8 42. Qxd8+ Ka7 43. gxf5 Qh6 44. Qd4 c6 45. Qf4 Qf6 46. e4 a5 47. e5 Qg7+ 48. Kf2 a4 49. e6 Qb2+ 50. Kg3 Qxa3 51. e7 Qb2 52. e8Q a3 53. Qeb8+ Ka6 54. Qc4+ b5 55. Qb6# 1-0

[Event "Helsingor Xtracon op"]
[Site "Helsingor"]
[Date "2019.07.21"]
[Round "3"]
[White "Green, Per"]
[Black "Olsson, Linus"]
[Result "0-1"]
[WhiteElo "1959"]
[BlackElo "2242"]
[PlyCount "60"]
[EventDate "2019.07.20"]
[EventType "swiss"]
[EventRounds "10"]
[EventCountry "DEN"]
[SourceTitle "CBM 191 Extra"]
[Source "ChessBase"]
[SourceDate "2019.09.30"]
[SourceVersion "1"]
[SourceVersionDate "2019.09.30"]
[SourceQuality "1"]

1. Nf3 g6 2. c4 Bg7 3. Nc3 c5 4. e3 Nf6 5. d4 cxd4 6. Nxd4 0-0 7. Be2 d5 8. 0-0 dxc4 9. Bxc4 Bd7 10. Qb3 Qc8 11. Bd2 Nc6 12. Nxc6 Bxc6 13. Rac1 Qg4 14. f3 Qg5 15. Rf2 Rad8 16. Qc2 Bh6 17. Rd1 Qc5 18. Bb3 Bxe3 19. Bxe3 Qxe3 20. Kf1 e6 21. Re2 Qf4 22. Kg1 Rd4 23. Rxd4 Qxd4+ 24. Kf1 Rd8 25. Qc1 b5 26. Qe3 b4 27. Qxd4 Rxd4 28. Ba4 bxc3 29. Bxc6 Rc4 30. Be4 Nxe4 0-1

[Event "Lund CellaVision Cup"]
[Site "Lund"]
[Date "2017.08.04"]
[Round "3"]
[White "Olsson, Linus"]
[Black "Burmakin, Vladimir"]
[Result "0-1"]
[WhiteElo "2240"]
[BlackElo "2520"]
[PlyCount "118"]
[EventDate "2017.08.04"]
[EventType "swiss"]
[EventRounds "8"]
[EventCountry "SWE"]
[SourceTitle "CBM 180 Extra"]
[Source "ChessBase"]
[SourceDate "2017.10.06"]
[SourceVersion "1"]
[SourceVersionDate "2017.10.06"]
[SourceQuality "1"]

1. Nf3 d5 2. e3 Nf6 3. b3 Bf5 4. Bb2 e6 5. g3 Be7 6. Bg2 0-0 7. 0-0 h6 8. d3 c6 9. Nbd2 a5 10. a3 Bh7 11. Qe2 Na6 12. Ne5 Nc5 13. f4 Nfd7 14. Kh1 Nxe5 15. Bxe5 Nd7 16. Bd4 Bf6 17. Nf3 Re8 18. Bxf6 Qxf6 19. d4 Qe7 20. c3 c5 21. Qb5 Nf6 22. Qxc5 Qxc5 23. dxc5 Ne4 24. b4 Nxc3 25. Nd4 Bd3 26. Rfc1 Ne4 27. Kg1 f6 28. Nb3 a4 29. Nd4 g6 30. Rd1 Bc4 31. Bf1 Bxf1 32. Kxf1 Rad8 33. Rac1 e5 34. Nb5 Re7 35. Nc3 Nxc3 36. Rxc3 Kf7 37. b5 Rc7 38. Ke2 Ke6 39. c6 bxc6 40. b6 Rb7 41. Rxc6+ Rd6 42. Rxd6+ Kxd6 43. Rb1 Kc5 44. Rb4 Rxb6 45. Rxa4 Rb2+ 46. Kd3 e4+ 47. Kc3 Re2 48. Ra5+ Kc6 49. Ra6+ Kb5 50. Rxf6 Rxe3+ 51. Kb2 d4 52. Rxg6 Kc4 53. a4 Re2+ 54. Ka3 d3 55. Rc6+ Kd5 56. Rc8 d2 57. Rd8+ Ke6 58. Kb4 e3 59. a5 Re1 0-1

[Event "SWE-chT 1617"]
[Site "Sweden"]
[Date "2017.02.04"]
[Round "5.1"]
[White "Olsson, Linus"]
[Black "Storme, Isak"]
[Result "1-0"]
[WhiteElo "2286"]
[BlackElo "2153"]
[PlyCount "115"]
[EventDate "2016.10.14"]
[EventType "team-tourn"]
[EventRounds "9"]
[EventCountry "SWE"]
[SourceTitle "CBM 177 Extra"]
[Source "ChessBase"]
[SourceDate "2017.04.27"]
[SourceVersion "1"]
[SourceVersionDate "2017.04.27"]
[SourceQuality "1"]
[WhiteTeam "Lunds"]
[BlackTeam "Manhem"]
[WhiteTeamCountry "SWE"]
[BlackTeamCountry "SWE"]

1. d4 Nf6 2. f4 d5 3. Nf3 c5 4. e3 Nc6 5. c3 Bf5 6. dxc5 e6 7. b4 Be7 8. Bb5 0-0 9. 0-0 Ne4 10. Bxc6 bxc6 11. Nd4 Qc7 12. g4 Bg6 13. f5 exf5 14. gxf5 Ng3 15. Rf3 Nxf5 16. Nxf5 Bh5 17. Qf1 Bxf3 18. Nxe7+ Qxe7 19. Qxf3 Rfe8 20. Na3 Qg5+ 21. Kh1 Re6 22. Bd2 Rf6 23. Qg2 Qf5 24. e4 dxe4 25. Nc2 Rg6 26. Qf1 Qh5 27. Be3 Rd8 28. Nd4 h6 29. a4 Rd5 30. Ra2 Rg3 31. Re2 Kh8 32. Re1 Rg6 33. Qe2 Qh3 34. Rg1 Rf6 35. Qg2 Qxg2+ 36. Kxg2 g5 37. c4 Rd7 38. b5 cxb5 39. c6 Rxc6 40. Nxc6 bxc4 41. Rc1 f5 42. Rxc4 Rd3 43. Bxa7 e3 44. a5 f4 45. a6 Rd2+ 46. Kf3 Rf2+ 47. Kg4 Ra2 48. Bd4+ Kh7 49. a7 Kg6 50. Ne7+ Kf7 51. Nd5 e2 52. Rc1 Kg6 53. Kf3 Kf5 54. Kf2 g4 55. Nc7 g3+ 56. hxg3 fxg3+ 57. Kxg3 Rc2 58. a8Q 1-0

[Event "Lund Lask op"]
[Site "Lund"]
[Date "2016.10.25"]
[Round "3"]
[White "Olsson, Linus"]
[Black "Karlsson, Ulf"]
[Result "1-0"]
[WhiteElo "2286"]
[BlackElo "2022"]
[PlyCount "81"]
[EventDate "2016.10.04"]
[EventType "swiss"]
[EventRounds "7"]
[EventCountry "SWE"]
[SourceTitle "EXT 2019"]
[Source "ChessBase"]
[SourceDate "2018.10.10"]
[SourceVersion "1"]
[SourceVersionDate "2018.10.10"]
[SourceQuality "1"]

1. d4 d5 2. c4 e6 3. Nf3 c5 4. e3 Nf6 5. a3 Nc6 6. dxc5 dxc4 7. Qxd8+ Nxd8 8. Bxc4 Bxc5 9. b4 Be7 10. Bb2 0-0 11. Nbd2 b6 12. Ke2 Bb7 13. Rac1 Nc6 14. Rhg1 Rac8 15. g4 Nb8 16. g5 Ne4 17. h4 Nxd2 18. Nxd2 Nd7 19. h5 Rfd8 20. f4 Nf8 21. f5 Bd5 22. f6 Bd6 23. fxg7 Nd7 24. Bxd5 exd5 25. Nf3 Rxc1 26. Rxc1 Re8 27. h6 Bf4 28. Bd4 f6 29. Kd3 Bxg5 30. Nxg5 fxg5 31. Rc7 Nb8 32. b5 g4 33. Ke2 Rd8 34. Bf6 Re8 35. Kf2 a6 36. a4 axb5 37. axb5 d4 38. Bxd4 g3+ 39. Kg2 Rd8 40. Bf6 Re8 41. e4 1-0

[Event "SWE-chT 1617"]
[Site "Sweden"]
[Date "2016.10.15"]
[Round "2.3"]
[White "Malmstig, Erik"]
[Black "Olsson, Linus"]
[Result "1-0"]
[WhiteElo "2295"]
[BlackElo "2286"]
[PlyCount "161"]
[EventDate "2016.10.14"]
[EventType "team-tourn"]
[EventRounds "9"]
[EventCountry "SWE"]
[SourceTitle "EXT 2017"]
[Source "ChessBase"]
[SourceDate "2016.10.25"]
[SourceVersion "1"]
[SourceVersionDate "2016.10.25"]
[SourceQuality "1"]
[WhiteTeam "Umea Rockaden"]
[BlackTeam "Lunds"]
[WhiteTeamCountry "SWE"]
[BlackTeamCountry "SWE"]

1. d4 Nf6 2. c4 e5 3. dxe5 Ne4 4. a3 b6 5. Nf3 Bb7 6. e3 g6 7. Bd3 Bg7 8. b4 d6 9. Qc2 Ng5 10. Nxg5 Qxg5 11. Be4 c6 12. 0-0 dxe5 13. f4 exf4 14. Bb2 Bxb2 15. Qxb2 0-0 16. exf4 Qe7 17. Nc3 f5 18. Bf3 Re8 19. Rae1 Qxe1 20. Rxe1 Rxe1+ 21. Kf2 Re7 22. b5 cxb5 23. Nd5 Rf7 24. Nf6+ Kf8 25. Qb4+ Kg7 26. Ne8+ Kg8 27. Nd6 Bxf3 28. Nxf7 Kxf7 29. gxf3 Na6 30. Qd2 Re8 31. Qd5+ Kf8 32. cxb5 Nc5 33. Qd4 Kg8 34. h4 h5 35. Qf6 Re6 36. Qd8+ Kf7 37. Qd5 Kf6 38. a4 Kf7 39. a5 Kf6 40. Qd8+ Kf7 41. Qb8 Re7 42. axb6 axb6 43. Qxb6 Nb7 44. Qd4 Re6 45. Qd5 Nd6 46. b6 Kf6 47. b7 Nxb7 48. Qxb7 Re7 49. Qb2+ Kf7 50. Qh8 Re8 51. Qh7+ Kf6 52. Kg3 Re6 53. Kg2 Re8 54. Kf1 Re6 55. Qg8 Ke7 56. Qg7+ Kd6 57. Qf7 Kd5 58. Qg8 Kd6 59. Qd8+ Kc6 60. Kf2 Rd6 61. Qc8+ Kb6 62. Ke3 Rc6 63. Qd8+ Kc5 64. Qd4+ Kb5 65. Qd5+ Kb6 66. Kd4 Kc7 67. Qf7+ Kb6 68. Qd7 Rc1 69. Qd6+ Rc6 70. Qb8+ Ka6 71. Kd5 Rb6 72. Qc8+ Ka7 73. Qc7+ Ka6 74. Kc5 Rb5+ 75. Kc6 Rb1 76. Qc8+ Ka7 77. Qd7+ Ka8 78. Qd8+ Ka7 79. Qe7+ Ka8 80. Qe8+ Ka7 81. Qf7+ 1-0

[Event "SWE-chT 1516"]
[Site "Sweden"]
[Date "2016.02.28"]
[Round "5.2"]
[White "Olsson, Linus"]
[Black "Vernersson, Per"]
[Result "1/2-1/2"]
[WhiteElo "2271"]
[BlackElo "2318"]
[PlyCount "73"]
[EventDate "2015.11.06"]
[EventType "team-tourn"]
[EventRounds "9"]
[EventCountry "SWE"]
[SourceTitle "EXT 2017"]
[Source "ChessBase"]
[SourceDate "2016.10.25"]
[SourceVersion "1"]
[SourceVersionDate "2016.10.25"]
[SourceQuality "1"]
[WhiteTeam "Lunds"]
[BlackTeam "Eksjo"]
[WhiteTeamCountry "SWE"]
[BlackTeamCountry "SWE"]

1. d4 d5 2. c4 e6 3. Nf3 Nf6 4. g3 Be7 5. Bg2 0-0 6. Qc2 c5 7. dxc5 Qa5+ 8. Nbd2 Qxc5 9. 0-0 b5 10. b3 bxc4 11. bxc4 Nbd7 12. a4 Qc7 13. Qa2 Bb7 14. Bb2 Rfc8 15. Rac1 dxc4 16. Rxc4 Qd8 17. Qa1 Rxc4 18. Nxc4 Rc8 19. Ne3 Nc5 20. Qa2 Nd5 21. Ng4 Qa5 22. Ra1 Nb6 23. Qa3 Nbxa4 24. Qe3 Qd8 25. Bd4 Bd5 26. h4 f6 27. h5 h6 28. Nh4 Bxg2 29. Nxg2 Rc7 30. Rxa4 Nxa4 31. Qxe6+ Kh8 32. Nh4 Qxd4 33. Ng6+ Kh7 34. Qf5 Kg8 35. Qe6+ Kh7 36. Qf5 Kg8 37. Qe6+ 1/2-1/2

[Event "SWE-chT 1314"]
[Site "Sweden"]
[Date "2013.11.24"]
[Round "3.2"]
[White "Lundin, Jan"]
[Black "Olsson, Linus"]
[Result "1/2-1/2"]
[WhiteElo "2298"]
[BlackElo "2275"]
[PlyCount "61"]
[EventDate "2013.11.22"]
[EventType "team-tourn"]
[EventRounds "9"]
[EventCountry "SWE"]
[SourceTitle "CBM 157 Extra"]
[Source "ChessBase"]
[SourceDate "2013.12.19"]
[SourceVersion "1"]
[SourceVersionDate "2013.12.19"]
[SourceQuality "1"]
[WhiteTeam "Farsta"]
[BlackTeam "Lunds"]
[WhiteTeamCountry "SWE"]
[BlackTeamCountry "SWE"]

1. Nf3 c5 2. c4 b6 3. g3 Bb7 4. Bg2 e6 5. 0-0 Nf6 6. Nc3 Be7 7. Re1 a6 8. e4 d6 9. d4 cxd4 10. Nxd4 Qc7 11. Be3 Nbd7 12. Rc1 0-0 13. f4 Rfe8 14. Bf3 Rac8 15. b3 Qb8 16. Bf2 Nf8 17. Qd3 N6d7 18. Red1 Bd8 19. Qf1 Bc7 20. Qg2 Qa8 21. Rd3 Nc5 22. Re3 Ng6 23. Nde2 Bb8 24. Rd1 Nf8 25. Nd4 Ncd7 26. Red3 Nc5 27. Re3 Ncd7 28. Nde2 Nc5 29. Rd2 Ncd7 30. Red3 Nc5 31. Re3 1/2-1/2